El puesto del hombre en el cosmos

Salvato in:
Dettagli Bibliografici
Autore principale: Scheler, Max
Natura: Libro
Lingua:Undetermined
Pubblicazione: Buenos Aires, Argentina Editorial Losada 1943
Soggetti:
Tags: Aggiungi Tag
Nessun Tag, puoi essere il primo ad aggiungerne!!

MARC

LEADER 00000nam a2200000Ia 4500
008 170316s9999 xx 000 0 und d
090 |a 100 S-21p 
100 |a Scheler, Max 
245 |a El puesto del hombre en el cosmos 
260 |a Buenos Aires, Argentina 
260 |b Editorial Losada 
260 |c 1943 
300 |a 142 páginas 
650 |a FILOSOFÍA 
650 |a EL SER PSICOFISICO 
650 |a DIFERENCIA ESENCIAL ENTRE EL HOMBRE Y EL ANIMAL 
650 |a EL HOMBRE 
650 |a EL ALMA 
650 |a EL CUERPO 
650 |a METAFÍSICA 
650 |a RELIGIÓN 
999 |c 17577  |d 17577 
040 |a cru BVZT 
942 |c 15 D  |h 100 S-21p  |2 z